|
|
|
|
| LEADER |
00000nab a2200000 a 4500 |
| 001 |
vtls008631253 |
| 003 |
SK-MaSNL |
| 005 |
20260304165117.0 |
| 008 |
250505c2005 xo mr|p|||||||000 b|slo |
| 015 |
|
|
|a SNBRB2006/03
|2 snkbucl
|
| 035 |
|
|
|a urn:nbn:sk:snk-ab87ym
|
| 035 |
|
|
|a (urnnbn)urn:nbn:sk:snk:ar-006pub
|
| 035 |
|
|
|a (uuid)d53606a9-63e5-4c80-b145-fec7df87a25c
|
| 038 |
|
|
|a SNKBUCL
|
| 040 |
|
|
|a SNKBUCL
|b slo
|c SNKBUCL
|e AACR2
|
| 041 |
0 |
|
|a slo
|
| 044 |
|
|
|a xo
|c SK
|
| 080 |
|
|
|a 637.11
|2 1997
|
| 080 |
|
|
|a 637.12.065
|2 1997
|
| 245 |
0 |
0 |
|a Oddájať a stimulovať sa vyplatí
|b kvalita mlieka je aj zrkadlom prípravy vemena pred dojením
|c Vladimír Tančin ... [et al.]
|
| 300 |
|
|
|b Grafy, tab.
|
| 650 |
0 |
7 |
|a dojenie
|2 snkbucl
|9 16213
|
| 650 |
0 |
7 |
|a mlieko
|2 snkbucl
|9 3942
|
| 650 |
0 |
7 |
|a mikroorganizmy
|2 snkbucl
|9 15780
|
| 650 |
0 |
7 |
|a počet somatických buniek
|2 snkbucl
|9 1451805
|
| 650 |
0 |
7 |
|a kontaminácia potravín
|2 snkbucl
|9 67632
|
| 700 |
1 |
|
|a Tančin, Vladimír,
|d 1962-
|4 aut
|9 9863
|
| 700 |
1 |
|
|a Kirchnerová, Katarína
|4 aut
|9 17290
|
| 700 |
1 |
|
|a Foltys, Vladimír
|4 aut
|9 6738
|
| 700 |
1 |
|
|a Tančinová, Dana,
|d 1966-
|4 aut
|9 193565
|
| 773 |
0 |
|
|t Slovenský chov
|g Roč. 10, č. 12 (2005), s. 31-32
|x 1335-1990
|
| 850 |
|
|
|a Slovenská národná knižnica
|
| 852 |
|
|
|a Slovenská národná knižnica
|
| 954 |
|
|
|a odborná, vedecká literatúra pôvodná (slovenská)
|2 lita
|
| 958 |
|
|
|a article9
|
| 958 |
|
|
|a OND
|
| 958 |
|
|
|a EUIPO
|
| 999 |
|
|
|c 2983000
|d 2984930
|